LEADER 01023nam0-22003491i-450- 001 990001436070403321 010 $a0-582-29964-0 035 $a000143607 035 $aFED01000143607 035 $a(Aleph)000143607FED01 035 $a000143607 100 $a20000920d1996----km-y0itay50------ba 101 0 $aeng 200 1 $aDirect and inverse electromagnetic 1cattering$fA. H. Serbest, S. R. Cloude, editors 210 $aUnited States of America$cLongman$dc1996 215 $ax, 275 p.$d26 cm 225 1 $aPitman research notes in mathematics series$v361 610 0 $aAnalisi numerica$aCongressi 610 0 $aElettromagnetismo$aCongressi 676 $a539.2 702 1$aCloude,$bS. R. 702 1$aSerbest,$bA. Hamit 801 0$aIT$bUNINA$gRICA$2UNIMARC 901 $aBK 912 $a990001436070403321 952 $aC-2-(361$b15427$fMA1 959 $aMA1 962 $a65-06 962 $a78-06 996 $aDirect and inverse electromagnetic 1cattering$9375065 997 $aUNINA DB $aING01 LEADER 04625nam 2200961Ia 450 001 9910779362403321 005 20220607215956.0 010 $a1-283-86037-6 010 $a0-520-95445-9 024 7 $a10.1525/9780520954458 035 $a(CKB)2550000000707381 035 $a(EBL)1092955 035 $a(OCoLC)821216798 035 $a(SSID)ssj0000783045 035 $a(PQKBManifestationID)11419065 035 $a(PQKBTitleCode)TC0000783045 035 $a(PQKBWorkID)10748918 035 $a(PQKB)10367317 035 $a(StDuBDS)EDZ0000173319 035 $a(OCoLC)833386500 035 $a(MdBmJHUP)muse30897 035 $a(DE-B1597)518956 035 $a(OCoLC)868638559 035 $a(DE-B1597)9780520954458 035 $a(Au-PeEL)EBL1092955 035 $a(CaPaEBR)ebr10631876 035 $a(CaONFJC)MIL417287 035 $a(MiAaPQ)EBC1092955 035 $a(EXLCZ)992550000000707381 100 $a20120720d2013 ub 0 101 0 $aeng 135 $aur|n|---||||| 181 $ctxt 182 $cc 183 $acr 200 10$aDeep things out of darkness$b[electronic resource] $ea history of natural history /$fJohn G. T. Anderson 210 $aBerkeley $cUniversity of California Press$dc2013 215 $a1 online resource (363 p.) 300 $aDescription based upon print version of record. 311 $a0-520-27376-1 320 $aIncludes bibliographical references and index. 327 $tFrontmatter --$tContents --$tList Of Illustrations --$tPreface --$tAcknowledgments --$tIntroduction: Adam'S Task, Job'S Challenge --$t1. From Hunter-Gatherers To Kings Of Kings --$t2. A Wonderful Man: Aristotle And Greek Natural History --$t3. The Spoils Of An Empire --$t4. An Emperor And His Descendants --$t5. New Worlds --$t6. Ray, Linnaeus, And The Ordering Of The World --$t7. Journeys Near And Far --$t8. Before The Origin --$t9. Forms Most Beautiful: Darwin --$t10. The Geography Of Nature: Humboldt --$t11. Hearts Of Light: Wallace And Bates --$t12. Spoils Of Other Empires --$t13. Breadfruit And Icebergs --$t14. Naturalists In New England: Thoreau, Agassiz, And Gray --$t15. From Muir And Alexander To Leopold And Carson --$t16. The Slow Death (And Resurrection) Of Natural History --$tNotes --$tReferences --$tIndex 330 $aNatural history, the deliberate observation of the environment, is arguably the oldest science. From purely practical beginnings as a way of finding food and shelter, natural history evolved into the holistic, systematic study of plants, animals, and the landscape. Deep Things out of Darkness chronicles the rise, decline, and ultimate revival of natural history within the realms of science and public discourse. Ecologist John G. T. Anderson focuses his account on the lives and contributions of an eclectic group of men and women, from John Ray, John Muir, Charles Darwin, and Rachel Carson, who endured remarkable hardships and privations in order to learn more about their surroundings. Written in an engaging narrative style and with an extensive bibliography of primary sources, the book charts the journey of the naturalist's endeavor from prehistory to the present, underscoring the need for natural history in an era of dynamic environmental change. 606 $aNatural history$xHistory 606 $aNaturalists$xHistory 610 $aacademic books. 610 $aancient history. 610 $aanthropology. 610 $aastrobiology and bioscience. 610 $abeginning of study. 610 $abooks for history lovers. 610 $acreation of life. 610 $adarwin. 610 $adevelopment of sciences. 610 $adiscussion books. 610 $aengaging. 610 $aenvironmental change. 610 $aenvironmental conservation protection. 610 $ahistory of science. 610 $ahome school history books. 610 $ahuman civilization. 610 $ahuman history. 610 $ainformative books. 610 $alearning from experts. 610 $anatural history. 610 $anonfiction books. 610 $aphilosophers. 610 $aquarantine reads. 610 $ascience and math. 610 $ascience books. 610 $ascientists. 610 $astart of civilization. 615 0$aNatural history$xHistory. 615 0$aNaturalists$xHistory. 676 $a508 700 $aAnderson$b John G. T.$f1957-$01573238 801 0$bMiAaPQ 801 1$bMiAaPQ 801 2$bMiAaPQ 906 $aBOOK 912 $a9910779362403321 996 $aDeep things out of darkness$93848883 997 $aUNINA